Lo impensable : (Record no. 196175)

MARC details
000 -LEADER
campo de control de longitud fija 01561nam a2200397 i 4500
001 - NÚMERO DE CONTROL
campo de control 196175
003 - IDENTIFICADOR DE NÚMERO DE CONTROL
campo de control ES-MaACL
005 - FECHA Y HORA DE LA ÚLTIMA TRANSACCIÓN
campo de control 20250809052934.0
008 - DATOS DE LONGITUD FIJA--INFORMACIÓN GENERAL
campo de control de longitud fija 240817s2022 sp a | |||| 000 0 spa
015 ## - NÚMERO DE BIBLIOGRAFÍA NACIONAL
Número de bibliografía nacional MON22
017 ## - NÚMERO DE COPYRIGHT O DE DEPÓSITO LEGAL
Número de copyright o de depósito legal M 28423-2022
Agencia que asigna Oficina Depósito Legal Madrid
020 ## - NÚMERO INTERNACIONAL ESTÁNDAR DEL LIBRO
Número Internacional Estándar del Libro 9788412304992
035 ## - NÚMERO DE CONTROL DEL SISTEMA
Número de control de sistema (SpMaBN)a7244399
035 ## - NÚMERO DE CONTROL DEL SISTEMA
Número de control de sistema 991047618169708606
040 ## - FUENTE DE CATALOGACIÓN
Centro catalogador/agencia de origen SpMaBN
Lengua de catalogación spa
Centro/agencia transcriptor SpMaBN
Normas de descripción rda
080 ## - NÚMERO DE LA CLASIFICACIÓN DECIMAL UNIVERSAL
Número de la Clasificación Decimal Universal 929 Raskin, Jamie
080 ## - NÚMERO DE LA CLASIFICACIÓN DECIMAL UNIVERSAL
Número de la Clasificación Decimal Universal 32(73)"20"
100 ## - ENTRADA PRINCIPAL--NOMBRE DE PERSONA
Nombre de persona Raskin, Jamie
9 (RLIN) 238428
Término indicativo de función/relación Autor
240 10 - TÍTULO UNIFORME
Título uniforme Unthinkable
Lenguaje de la obra Español
245 10 - MENCIÓN DEL TÍTULO
Título Lo impensable :
Resto del título el trauma, la verdad y las tribulaciones de la democracia estadounidense /
Mención de responsabilidad, etc. Jamie B. Raskin ; presentación, Joaquín González Ibáñez ; traducción, Rosa María Bautista Cordero.
264 #1 - PRODUCCIÓN, PUBLICACIÓN, DISTRIBUCIÓN, FABRICACIÓN Y COPYRIGHT
Producción, publicación, distribución, fabricación y copyright [Madrid] :
Nombre del de productor, editor, distribuidor, fabricante Berg Institute,
Fecha de producción, publicación, distribución, fabricación o copyright [2022].
264 #4 - PRODUCCIÓN, PUBLICACIÓN, DISTRIBUCIÓN, FABRICACIÓN Y COPYRIGHT
Fecha de producción, publicación, distribución, fabricación o copyright ©2022
300 ## - DESCRIPCIÓN FÍSICA
Extensión 464 páginas :
Otras características físicas fotografías (color) ;
Dimensiones 24 cm.
336 ## - TIPO DE CONTENIDO
Término de tipo de contenido Texto
-- Imagen fija
Fuente rdacontent
337 ## - TIPO DE MEDIO
Nombre/término del tipo de medio sin mediación
Fuente rdamedia
338 ## - TIPO DE SOPORTE
Nombre/término del tipo de soporte volumen
Fuente rdacarrier
490 1# - MENCIÓN DE SERIE
Mención de serie Biblioteca literatura y derechos humanos ;
Designación de volumen o secuencia 19
651 #0 - PUNTO DE ACCESO ADICIONAL DE MATERIA--NOMBRE GEOGRÁFICO
Nombre geográfico Estados Unidos-
Subdivisión general Política y gobierno-
Subdivisión cronológica S.XXI
9 (RLIN) 238429
830 #0 - PUNTO DE ACCESO ADICIONAL DE SERIE-TÍTULO UNIFORME
Título uniforme Biblioteca literatura y derechos humanos
Designación de volumen o secuencia 19
9 (RLIN) 238888
852 ## - LOCALIZACIÓN
Ubicación ES-MaACL
Sublocalización o colección R.154543
Ubicación en estantería Depósito J
Número de control de estantería N-9249
Donativo/Legado Donación: Editorial
Encuadernación Encuadernación cartoné
itemnumber 205206
942 ## - ELEMENTOS DE ENTRADA SECUNDARIOS (KOHA)
Tipo de ítem Koha Libro impreso
Suprimir en OPAC No
Holdings
Estatus retirado Estado de pérdida Fuente del sistema de clasificación o colocación Estado de daño No para préstamo Biblioteca de origen Biblioteca actual Ubicación en estantería Fecha de adquisición Fuente de adquisición Total de préstamos Signatura topográfica completa Código de barras Visto por última vez Precio de reemplazo Tipo de ítem Koha
    Clasificación decimal universal     Biblioteca del Ateneo de Madrid Biblioteca del Ateneo de Madrid Depósito J 06/05/2025 Donación   N-9249 101229978 06/05/2025 06/05/2025 Libro impreso